Study Guide for use with Microeconomics/ (Record no. 9052)

MARC details
000 -LEADER
fixed length control field 00509nam a2200169 4500
003 - CONTROL NUMBER IDENTIFIER
control field OSt
005 - DATE AND TIME OF LATEST TRANSACTION
control field 20240703161728.0
008 - FIXED-LENGTH DATA ELEMENTS--GENERAL INFORMATION
fixed length control field 240703b |||||||| |||| 00| 0 eng d
040 ## - CATALOGING SOURCE
Original cataloging agency DDC
Transcribing agency MUST
082 ## - DEWEY DECIMAL CLASSIFICATION NUMBER
Classification number 338.5 COL 2003
Item number 20
100 ## - MAIN ENTRY--PERSONAL NAME
Personal name David C. Colander ... (et al)
9 (RLIN) 18414
245 ## - TITLE STATEMENT
Title Study Guide for use with Microeconomics/
Remainder of title David C. Colander ... (et al)
260 ## - PUBLICATION, DISTRIBUTION, ETC. (IMPRINT)
Place of publication, distribution, etc. NY:
Name of publisher, distributor, etc. McGraw-Hill Ryersson ;
Date of publication, distribution, etc. 2003.
300 ## - PHYSICAL DESCRIPTION
Extent viii,284p.:
Other physical details ill,;
Dimensions 27.4cm.
650 ## - SUBJECT ADDED ENTRY--TOPICAL TERM
Topical term or geographic name as entry element Economics
9 (RLIN) 975
942 ## - ADDED ENTRY ELEMENTS (KOHA)
Source of classification or shelving scheme Dewey Decimal Classification
Koha item type Open Shelf
Holdings
Withdrawn status Lost status Source of classification or shelving scheme Damaged status Not for loan Home library Current library Source of acquisition Inventory number Total Checkouts Full call number Barcode Date last seen Koha item type Date acquired Price effective from
    Dewey Decimal Classification     MUST Main Library MUST Main Library Purchase 05/24121   338.5 COL 2003 2024-21739 03/07/2024 Open Shelf    
    Dewey Decimal Classification     MUST Main Library MUST Main Library Purchase 05/24120   338.5 COL 2003 2024-21740 03/07/2024 Open Shelf    
    Dewey Decimal Classification     MUST Main Library MUST Main Library Purchase 05/24123   338.5 COL 2003 2024-21741 03/07/2024 Open Shelf    
    Dewey Decimal Classification     MUST Main Library MUST Main Library Purchase 05/24124   338.5 COL 2003 2024-21742 03/07/2024 Open Shelf    
    Dewey Decimal Classification     MUST Main Library MUST Main Library Purchase 05/24126   338.5 COL 2003 2024-21743 03/07/2024 Open Shelf    
    Dewey Decimal Classification     MUST Main Library MUST Main Library Purchase 05/24122   338.5 COL 2003 2024-21744 03/07/2024 Open Shelf    
    Dewey Decimal Classification     MUST Main Library MUST Main Library Purchase 05/24118   338.5 COL 1996 2024-22204 24/07/2024 Open Shelf 24/07/2024 24/07/2024
    Dewey Decimal Classification     MUST Main Library MUST Main Library Purchase 05/24119   338.5 COL 1996 2024-22205 24/07/2024 Open Shelf 24/07/2024 24/07/2024